| 000 | 00547nam a2200169 i 4500 | ||
|---|---|---|---|
| 001 | 126078 | ||
| 003 | ES-MaACL | ||
| 005 | 20230906192742.0 | ||
| 007 | t| | ||
| 008 | 070214s1917 fr r ||||1| fre d | ||
| 100 | 1 |
_aReinach, Joseph. _996038 |
|
| 245 | 1 | 0 |
_aHistoire de douze jours _b: (23 juillet - 3 aout 1914) : origines diplomatiques de la guerre de 1914-1917 / _cJoseph Reinach. |
| 260 |
_aParís : _bFélix Alcan, _c1917. |
||
| 300 |
_a660 p. ; _c23 x 14 cm. |
||
| 650 | 0 | 4 |
_aGuerra mundial, 1914-1918. _913212 |
| 852 |
_aES-MaACL _jF-8937 |
||
| 999 |
_c126078 _d126078 |
||